000 00293nam a22001337a 4500
008 170817b xxu||||| |||| 00| 0 eng d
020 _a9780716733706
041 _aeng
080 _a311
100 _a36
101 _aSTA
245 _aTHE PRACTICE OF STATISTICS
_cYATES,D
942 _2udc
_cBK
999 _c23838
_d23838